All Country Flags Except Africa - Statistics

General Stats
  • This quiz has been taken 109 times
  • The average score is 61 of 142
Answer Stats
Picture Answer % Correct
United States of America
89%
Canada
82%
Jamaica
82%
Brazil
79%
Chile
79%
Mexico
79%
Paraguay
76%
Peru
76%
Argentina
74%
Colombia
74%
Uruguay
74%
Venezuela
74%
Australia
71%
Barbados
71%
Cuba
71%
Dominica
71%
Panama
71%
Japan
68%
South Korea
68%
Ecuador
66%
Honduras
66%
New Zealand
66%
Bahamas
63%
China
63%
El Salvador
63%
Fiji
63%
Haiti
63%
Israel
63%
St. Vincent and the Grenadines
63%
Grenada
61%
St. Lucia
61%
Trinidad and Tobago
61%
Dominican Republic
58%
Guatemala
58%
Vietnam
58%
Belize
55%
Bolivia
55%
Cyprus
55%
India
55%
Marshall Islands
55%
Solomon Islands
55%
Suriname
55%
Tonga
55%
Tuvalu
55%
Antigua and Barbuda
53%
Bangladesh
53%
Costa Rica
53%
F. S. of Micronesia
53%
Guyana
53%
Lebanon
53%
Nauru
53%
Nepal
53%
Nicaragua
53%
Papua New Guinea
53%
Kiribati
50%
Pakistan
50%
Palau
50%
St. Kitts and Nevis
50%
Kyrgyzstan
47%
Myanmar
47%
Samoa
47%
Thailand
47%
Turkey
47%
Vanuatu
47%
Bhutan
45%
Cambodia
45%
Iran
42%
Iraq
42%
Kazakhstan
42%
Laos
42%
Malaysia
42%
Saudi Arabia
42%
Singapore
42%
Sri Lanka
42%
Switzerland
42%
Uzbekistan
42%
Austria
39%
Georgia
39%
United Kingdom
39%
Armenia
37%
Azerbaijan
37%
North Korea
37%
Philippines
37%
France
34%
Maldives
34%
Syria
34%
Germany
32%
Poland
32%
Spain
32%
Tajikistan
32%
Turkmenistan
32%
East Timor
29%
Indonesia
29%
Italy
29%
Jordan
29%
Oman
29%
Russia
29%
Taiwan
29%
Yemen
29%
Afghanistan
26%
Finland
26%
Kuwait
26%
Latvia
26%
Portugal
26%
Qatar
26%
United Arab Emirates
26%
Albania
24%
Belgium
24%
Denmark
24%
Greece
24%
Lithuania
24%
Monaco
24%
Mongolia
24%
Netherlands
24%
Norway
24%
Sweden
24%
Ukraine
24%
Andorra
21%
Bahrain
21%
Brunei
21%
Bulgaria
21%
Estonia
21%
Hungary
21%
Iceland
21%
Luxembourg
21%
San Marino
21%
Ireland
18%
Malta
18%
North Macedonia
18%
Serbia
18%
Vatican City
18%
Czech Republic
16%
Romania
16%
Croatia
13%
Moldova
13%
Slovakia
13%
Belarus
11%
Kosovo
11%
Montenegro
11%
Bosnia & Herzegovina
8%
Liechtenstein
8%
Slovenia
8%
No matching quizzes found
Score Distribution
Percent of People with Each Score
Percentile by Number Answered
Your Score History
You have not taken this quiz